|
|
|
|
| LEADER |
00000nam a2200000 a 4500 |
| 001 |
vtls001076929 |
| 003 |
SK-MaSNL |
| 005 |
20260301153156.0 |
| 008 |
250414s1994 xo slo |
| 015 |
|
|
|a SNBA1994/11
|
| 020 |
|
|
|a 8071640433
|
| 035 |
|
|
|a SNK000019762
|
| 035 |
|
|
|a urn:nbn:sk:snk-amlh25
|
| 035 |
|
|
|a urn:nbn:sk:snk-am00bmcc
|
| 035 |
|
|
|a 396EFD42-3600-405D-9985-06D4A0E07580
|
| 040 |
|
|
|a SNK
|b slo
|c SNK
|e AACR2
|
| 041 |
0 |
|
|a slo
|
| 044 |
|
|
|a xo
|c SK
|
| 080 |
|
|
|a 371.3:54(072)
|2 1981
|
| 080 |
|
|
|a 54
|2 1981
|
| 100 |
1 |
|
|a Silný, Peter
|4 aut
|9 277633
|
| 245 |
1 |
0 |
|a Základy chemického deja a jeho zákonitosti
|b Metodický materiál k doplnkovému učebnému textu pre 1. ročník gymnázií. 1. časť
|c Peter Silný
|
| 250 |
|
|
|a 1. vyd.
|
| 260 |
|
|
|a Bratislava
|b Metodické centrum mesta Bratislavy
|c 1994
|
| 300 |
|
|
|a 71 s.
|b Grafy, sch., tab., lit. 10 zázn. v češ. a slov.
|c 29 cm
|
| 366 |
|
|
|e 250 výt.
|
| 655 |
|
7 |
|a AMR
|2 SNK
|9 277565
|
| 852 |
|
|
|a Slovenská národná knižnica
|
| 919 |
|
|
|a 80-7164-043-3
|
| 954 |
|
|
|a chémia
|a metodika vyučovania
|
| 958 |
0 |
7 |
|a UO
|
| 958 |
0 |
7 |
|a RM
|
| 958 |
0 |
7 |
|a NB
|
| 999 |
|
|
|c 791839
|d 793769
|
| 952 |
|
|
|t P60, <04>, [BOOK], {604}
|a SNK
|b SNK
|y VYP
|7 0
|p 17A0080834
|o snkSB 53208/1 D1
|0 0
|1 0
|4 0
|d 1997-07-15
|l 0
|r 2004-12-31 00:00:00
|w 2026-02-24
|
| 952 |
|
|
|a SNK
|b SNK
|y PREZ
|7 0
|p 17A0905870
|o snkSB 53208/1
|0 0
|1 0
|4 0
|d 2012-07-17
|f 1
|l 0
|r 2025-03-21 00:00:00
|w 2026-02-24
|